| 000 | 00786ata a2200289 4500 | ||
|---|---|---|---|
| 005 | 20250822115352.0 | ||
| 008 | 150521b2008 xxu||||| |||| 00| 0 spa d | ||
| 020 | _a9788436821994 | ||
| 041 | _aESP | ||
| 082 | _a362.88 R696s | ||
| 100 |
_aRodríguez de Armenta, María José _930801 |
||
| 245 | _aSOS...Mujeres maltratadas | ||
| 260 | _aEspaña | ||
| 260 | _bPiramide | ||
| 260 | _c2008 | ||
| 300 | _a276 páginas | ||
| 490 | _aInvestigación Criminal | ||
| 650 | _aVIOLENCIA DOMÉSTICA | ||
| 650 | _aMUJERES MALTRATADAS | ||
| 650 | _aTIPOS DE VIOLENCIA DOMÉSTICA | ||
| 650 | _aCONSECUENCIA DE LA VIOLENCIA DOMÉSTICA | ||
| 650 | _aPREVENCIÓN DE LA VIOLENCIA DOMÉSTICA | ||
| 650 | _aAGRESORES | ||
| 650 | _aDENUNCIA | ||
| 650 | _aVÍCTIMAS | ||
| 942 |
_cBK _2ddc |
||
| 999 |
_c5882 _d5882 |
||